[Event "Mondiale Lampo FIDE 2019"]
[Site "Mosca"]
[Date "30.12.2019"]
[Round "17.13"]
[White "Golubov, Saveliy"]
[Black "Aronian, Levon"]
[Result "0-1"]
[WhiteTitle "IM"]
[BlackTitle "GM"]
[WhiteElo "2469"]
[BlackElo "2775"]
[WhiteFideId "24176729"]
[BlackFideId "13300474"]
[EventDate "2019.12.29"]

1. d4 Nf6 2. Nf3 g6 3. Bg5 Bg7 4. Nbd2 d6 5. c3 O-O 6. e4 c5 7. dxc5 dxc5 8. Bc4
Nc6 9. O-O h6 10. Bh4 Nh5 11. a4 Qc7 12. Qe2 Bg4 13. Qe3 b6 14. Rfe1 Rad8 15.
Bg3 Nxg3 16. hxg3 Bc8 17. Nf1 Na5 18. Ba2 Ba6 19. Rad1 Qc6 20. Bd5 Qxa4 21. b4
cxb4 22. cxb4 Qxb4 23. Rb1 Qd6 24. Ba2 e6 25. e5 Qd3 26. Qf4 Qa3 27. Ra1 Qe7 28.
Ne3 Bb7 29. Rac1 Nc6 30. Ng4 Nb4 31. Bc4 g5 32. Nf6+ Qxf6 33. exf6 gxf4 34. fxg7
Kxg7 35. Ne5 fxg3 36. Re3 gxf2+ 37. Kxf2 Rd2+ 38. Kf1 Rxg2 39. Rd1 Rg5 40. Rd7
Bg2+ 41. Kf2 Bd5 42. Be2 a5 43. Ng4 Nc6 44. Rc7 Nd4 45. Bd1 Nf5 46. Rh3 a4 47.
Ra7 b5 48. Ne5 Nd6 49. Nd3 Ra8 50. Rc7 a3 51. Nf4 a2 0-1

[Event "Mondiale Lampo FIDE 2019"]
[Site "Mosca"]
[Date "30.12.2019"]
[Round "17.14"]
[White "Adly, Ahmed"]
[Black "Nozdrachev, Vladislav"]
[Result "1-0"]
[WhiteTitle "GM"]
[BlackTitle "IM"]
[WhiteElo "2607"]
[BlackElo "2494"]
[WhiteFideId "10601619"]
[BlackFideId "24113441"]
[EventDate "2019.12.29"]

1. d4 d5 2. Nf3 Nf6 3. c4 e6 4. g3 Be7 5. Bg2 O-O 6. O-O dxc4 7. Qc2 a6 8. a4 c5
9. dxc5 Bxc5 10. Nbd2 b5 11. Ng5 Ra7 12. Nde4 Nxe4 13. Nxe4 Bb6 14. Ng5 f5 15.
Bf4 Bd7 16. Rfd1 Qe8 17. Bd6 Rf6 18. a5 Bc7 19. Bc5 h6 20. Nh3 Nc6 21. Rxd7 Qxd7
22. Bxc6 Qxc6 23. Bxa7 Rf7 24. Bb6 Bxb6 25. axb6 Qxb6 26. Nf4 Qc6 27. Qc3 Rd7
28. Qe5 Rd6 29. h4 b4 30. Rc1 c3 31. bxc3 bxc3 32. Kh2 c2 33. Rxc2 1-0

[Event "Mondiale Lampo FIDE 2019"]
[Site "Mosca"]
[Date "30.12.2019"]
[Round "17.15"]
[White "Wojtaszek, Radoslaw"]
[Black "Socko, Bartosz"]
[Result "1/2-1/2"]
[WhiteTitle "GM"]
[BlackTitle "GM"]
[WhiteElo "2725"]
[BlackElo "2618"]
[WhiteFideId "1118358"]
[BlackFideId "1107038"]
[EventDate "2019.12.29"]

1. d4 Nf6 2. c4 e6 3. Nf3 Bb4+ 4. Bd2 c5 5. Bxb4 cxb4 6. e3 O-O 7. a3 Nc6 8. Be2
d6 9. O-O b6 10. d5 exd5 11. cxd5 Ne7 12. axb4 Nexd5 13. b5 Bb7 14. Nbd2 Nc7 15.
Nd4 Qd7 16. Rc1 Ne6 17. N2f3 Rac8 18. h3 Rfe8 19. Rxc8 Rxc8 20. Nxe6 fxe6 21.
Qb3 Bxf3 22. Bxf3 d5 23. Rd1 Rc5 24. Be2 Ne4 25. Qb4 Nd6 26. e4 Nxb5 27. exd5
exd5 28. Bg4 Qc6 29. Qf4 Qd6 30. Qe3 Nc7 31. Re1 d4 32. Qd3 g6 33. Rd1 Re5 34.
g3 Ne6 35. h4 Kg7 36. Bxe6 Rxe6 37. Qxd4+ Qxd4 38. Rxd4 Kf6 39. Kg2 Re2 40. Rd7
h5 41. Rxa7 Rxb2 42. Kf3 Rb3+ 43. Ke4 Rb4+ 44. Ke3 Rb3+ 45. Ke4 Rb4+ 46. Ke3
Rb3+ 1/2-1/2

[Event "Mondiale Lampo FIDE 2019"]
[Site "Mosca"]
[Date "30.12.2019"]
[Round "17.16"]
[White "Paravyan, David"]
[Black "Mamedov, Rauf"]
[Result "1/2-1/2"]
[WhiteTitle "GM"]
[BlackTitle "GM"]
[WhiteElo "2629"]
[BlackElo "2659"]
[WhiteFideId "4194985"]
[BlackFideId "13401653"]
[EventDate "2019.12.29"]

1. e4 c5 2. Nf3 Nc6 3. Bb5 g6 4. O-O Bg7 5. c3 Nf6 6. Re1 O-O 7. d4 d5 8. e5 Ne4
9. Bxc6 bxc6 10. Be3 Rb8 11. b3 f6 12. exf6 Bxf6 13. Nbd2 Nxc3 14. Qc2 Qa5 15.
Rac1 Nxa2 16. Qxc5 Rb5 17. Qxc6 Nxc1 18. Rxc1 Qb6 19. Qc3 Bf5 20. Qa1 Ra5 21.
Qb2 Qa6 22. b4 Ra2 23. Qb3 Ra1 24. Re1 Rxe1+ 25. Nxe1 e6 26. h3 Qa1 27. Kf1 Bxd4
28. g4 Bxe3 29. Qxe3 Be4 30. Nxe4 dxe4 31. Qxe4 Qa2 32. Qe3 a6 33. Kg1 Qd5 34.
f3 Rd8 35. Qe2 e5 36. Qxa6 Rd6 37. Qe2 Qd4+ 38. Kf1 Rf6 39. Kg2 Rd6 40. Kf1 Rd7
41. b5 Rb7 42. Qa2+ Kg7 43. Qe2 Qd5 44. Nd3 Qxb5 45. Qxe5+ Qxe5 46. Nxe5 Kf6 47.
Nd3 Ra7 48. Kf2 Ra3 49. Ne1 Ke5 50. Kg3 g5 51. Ng2 h6 52. h4 Rb3 53. Kf2 Kd4 54.
hxg5 hxg5 55. f4 gxf4 56. Nxf4 Ke4 57. Nh5 Rf3+ 58. Ke2 1/2-1/2

[Event "Mondiale Lampo FIDE 2019"]
[Site "Mosca"]
[Date "30.12.2019"]
[Round "17.17"]
[White "Dreev, Aleksey"]
[Black "Inarkiev, Ernesto"]
[Result "1/2-1/2"]
[WhiteTitle "GM"]
[BlackTitle "GM"]
[WhiteElo "2677"]
[BlackElo "2663"]
[WhiteFideId "4100107"]
[BlackFideId "4162722"]
[EventDate "2019.12.29"]

1. d4 d5 2. Nf3 Nf6 3. g3 g6 4. Bg2 Bg7 5. O-O O-O 6. c4 c6 7. Qb3 Qb6 8. Nc3
Rd8 9. Bd2 Qxb3 10. axb3 Be6 11. Na4 Nbd7 12. Rfc1 Ne4 13. Ba5 Rdc8 14. e3 h6
15. Be1 g5 16. Nd2 Nd6 17. Bf1 f5 18. Bh3 g4 19. Bg2 Bf7 20. Rc2 e5 21. dxe5
Nxe5 22. cxd5 cxd5 23. Rxc8+ Rxc8 24. Nc3 Ne4 25. Ndxe4 dxe4 26. Rxa7 Nd3 27.
Bd2 Nxb2 28. Nb1 Rc7 29. h3 h5 30. Bf1 Bxb3 31. Na3 Rd7 32. Bb4 Nd3 33. Ba5 Kf7
34. hxg4 hxg4 35. Nb5 Ba4 36. Rxb7 Rxb7 37. Nd6+ Ke6 38. Nxb7 Kd5 39. Nd8 Bf6
40. Nf7 Be8 41. Nd8 Kc5 42. Ne6+ Kd6 43. Nf4 Nxf4 44. gxf4 Bd7 1/2-1/2

[Event "Mondiale Lampo FIDE 2019"]
[Site "Mosca"]
[Date "30.12.2019"]
[Round "17.18"]
[White "Hansen, Eric"]
[Black "Karjakin, Sergey"]
[Result "0-1"]
[WhiteTitle "GM"]
[BlackTitle "GM"]
[WhiteElo "2606"]
[BlackElo "2754"]
[WhiteFideId "2606771"]
[BlackFideId "14109603"]
[EventDate "2019.12.29"]

1. e4 e5 2. Nf3 Nc6 3. Bb5 Nf6 4. d3 Bc5 5. c3 O-O 6. O-O d6 7. h3 Ne7 8. Re1 c6
9. Ba4 Ng6 10. Nbd2 Bb6 11. Nf1 d5 12. Ng3 h6 13. Bb3 Re8 14. Be3 Bc7 15. exd5
cxd5 16. d4 e4 17. Nh2 Be6 18. Qd2 Qd7 19. Kh1 Nh4 20. Rg1 Rf8 21. Bd1 Rae8 22.
Bf4 Nh7 23. Bxc7 Qxc7 24. Nh5 Ng6 25. Qe3 f5 26. f4 Nf6 27. Rf1 Re7 28. Qg3 Kh7
29. Be2 Bd7 30. Nxf6+ Rxf6 31. Rae1 Qa5 32. a3 Bb5 33. Qe3 Bxe2 34. Rxe2 Qc7 35.
Ref2 Ref7 36. g3 b5 37. Qe2 Qb8 38. Rg1 a5 39. Nf1 b4 40. axb4 axb4 41. Ne3 Ne7
42. c4 dxc4 43. Nxc4 Nd5 44. Kh2 Rc7 45. Ne5 Qb6 46. Rd1 b3 47. Rg2 Rc2 48. Qe1
Qa7 49. Rxc2 bxc2 50. Rc1 Qxd4 51. Rxc2 Rb6 52. Qe2 Ne3 53. Rc3 Nd1 54. Rc2 Rxb2
55. Rxb2 Qxb2 56. Qxb2 Nxb2 57. Kg2 g6 58. g4 Kg7 59. Kf2 Nd1+ 60. Ke2 Nc3+ 61.
Kf2 Nd5 62. Kg3 Kf6 63. Nc4 Ke6 64. Na5 Ne7 65. Nc4 Kd5 66. Ne5 Kd4 67. Nf7 Kd3
68. Ne5+ Ke2 69. h4 h5 70. gxh5 gxh5 71. Nf7 e3 72. Ne5 Nd5 73. Nc6 Kd2 74. Nd4
e2 75. Nf3+ Ke3 76. Ne1 Nf6 77. Ng2+ Kd2 78. Kf3 0-1

[Event "Mondiale Lampo FIDE 2019"]
[Site "Mosca"]
[Date "30.12.2019"]
[Round "17.19"]
[White "Svidler, Peter"]
[Black "Zhigalko, Sergei"]
[Result "1/2-1/2"]
[WhiteTitle "GM"]
[BlackTitle "GM"]
[WhiteElo "2723"]
[BlackElo "2571"]
[WhiteFideId "4102142"]
[BlackFideId "13502956"]
[EventDate "2019.12.29"]

1. Nf3 Nf6 2. c4 e6 3. b3 b6 4. Bb2 Bb7 5. g3 c5 6. Bg2 Be7 7. O-O O-O 8. e3 d5
9. Qe2 Nc6 10. Ne5 Nxe5 11. Bxe5 Qd7 12. d3 Rfd8 13. Rd1 dxc4 14. bxc4 Bxg2 15.
Kxg2 Ne8 16. a4 Bf6 17. Bxf6 Nxf6 18. Nc3 Rac8 19. a5 Rc6 20. Nb5 e5 21. Qf3 h5
22. Nxa7 Rd6 23. Nb5 Rxd3 24. Rxd3 Qxd3 25. axb6 Qxc4 26. Nc7 e4 27. Qf5 Qb3 28.
Qxc5 Ng4 29. h3 Nxf2 30. Ra8 Rxa8 31. Nxa8 Nd3 32. Qc8+ Kh7 33. Qf5+ Kg8 34.
Qxe4 Qc2+ 35. Kg1 Qf2+ 36. Kh1 Qe1+ 37. Kg2 Qf2+ 38. Kh1 Qe1+ 39. Kg2 1/2-1/2

[Event "Mondiale Lampo FIDE 2019"]
[Site "Mosca"]
[Date "30.12.2019"]
[Round "17.20"]
[White "Zubov, Alexander"]
[Black "Grachev, Boris"]
[Result "1-0"]
[WhiteTitle "GM"]
[BlackTitle "GM"]
[WhiteElo "2601"]
[BlackElo "2614"]
[WhiteFideId "14109409"]
[BlackFideId "4129199"]
[EventDate "2019.12.29"]

1. c4 e6 2. Nc3 d5 3. d4 a6 4. cxd5 exd5 5. Bf4 Nf6 6. e3 c5 7. Nf3 c4 8. Bg5
Be7 9. Bxf6 Bxf6 10. g3 O-O 11. Bg2 Nc6 12. O-O Bf5 13. Nd2 Ne7 14. a4 Qd7 15.
a5 Bh3 16. Bxh3 Qxh3 17. b3 cxb3 18. Qxb3 Qf5 19. Qb1 Qh3 20. Qb3 Qf5 21. Rfc1
h5 22. Qd1 h4 23. Qf3 Qd3 24. Qe2 Qf5 25. Na4 Rac8 26. Nc5 Rc7 27. Qf3 Qg6 28.
Rab1 Rfc8 29. Kg2 Qh6 30. Qg4 Qh7 31. Rb6 Rc6 32. Rxb7 Ng6 33. Rcb1 Qh6 34. Nf3
Re8 35. R1b6 Rcc8 36. Rxa6 Nf8 37. Raa7 Ng6 38. Rxf7 1-0

[Event "Mondiale Lampo FIDE 2019"]
[Site "Mosca"]
[Date "30.12.2019"]
[Round "17.21"]
[White "Vitiugov, Nikita"]
[Black "Grigoriants, Sergey"]
[Result "1/2-1/2"]
[WhiteTitle "GM"]
[BlackTitle "GM"]
[WhiteElo "2747"]
[BlackElo "2542"]
[WhiteFideId "4152956"]
[BlackFideId "4130804"]
[EventDate "2019.12.29"]

1. c4 e5 2. Nc3 Nf6 3. Nf3 Nc6 4. d3 d5 5. cxd5 Nxd5 6. e4 Nf6 7. h3 Bc5 8. Be3
Bb6 9. Be2 O-O 10. O-O Qe7 11. Na4 Rd8 12. Nxb6 axb6 13. Qc1 Nd7 14. Qc3 Nc5 15.
Rfc1 Ne6 16. Bf1 Qd6 17. a3 Bd7 18. b4 Ncd4 19. Nd2 Bb5 20. Nc4 Bxc4 21. dxc4 c5
22. Rab1 Rd7 23. Rb2 Nf4 24. bxc5 bxc5 25. f3 Qg6 26. Kh2 h5 27. Rcb1 h4 28. Bf2
Qg5 29. Rxb7 Rxb7 30. Rxb7 Nfe2 31. Qe3 Qxe3 32. Bxe3 Rxa3 33. Bf2 Ra2 34. Bxe2
Rxe2 35. Kg1 g5 36. Rc7 Ne6 37. Rd7 Rc2 38. Rd5 f6 39. Rd6 Kf7 40. Rd7+ Kg6 41.
Re7 Nf4 42. Rc7 Rc1+ 43. Kh2 Rc2 44. Kg1 Rc1+ 45. Kh2 Nd3 46. Bxc5 Rxc4 47. Bb6
Rb4 48. Be3 Rb2 49. Kg1 Re2 50. Bb6 Nf4 51. Bf2 Rb2 52. Rd7 Rb1+ 53. Kh2 Rb2 54.
Kg1 Ne2+ 55. Kh2 Nf4 56. Kg1 Rb1+ 57. Kh2 1/2-1/2

[Event "Mondiale Lampo FIDE 2019"]
[Site "Mosca"]
[Date "30.12.2019"]
[Round "17.22"]
[White "Shimanov, Aleksandr"]
[Black "Morozevich, Alexander"]
[Result "1-0"]
[WhiteTitle "GM"]
[BlackTitle "GM"]
[WhiteElo "2587"]
[BlackElo "2659"]
[WhiteFideId "4198603"]
[BlackFideId "4116992"]
[EventDate "2019.12.29"]

1. d4 Nf6 2. Bg5 d5 3. Nd2 Bf5 4. Bxf6 gxf6 5. e3 e6 6. Bd3 Bg6 7. f4 c5 8. f5
exf5 9. c3 Qe7 10. Qf3 Bh6 11. Kf2 O-O 12. Nh3 cxd4 13. cxd4 Nc6 14. Nb3 a5 15.
Nf4 a4 16. Nc1 Bxf4 17. Qxf4 Rac8 18. a3 Ne5 19. dxe5 fxe5 20. Qb4 Qf6 21. Ne2
f4 22. e4 Rc6 23. Nc3 dxe4 24. Nxe4 Qd8 25. Rad1 Rb6 26. Qc3 Qh4+ 27. g3 Qh6 28.
Qxe5 Bxe4 29. Bxe4 Re6 30. Qf5 Rf6 31. Qg4+ Kh8 32. Bf3 Rg8 33. Qh4 Qg7 34. Rd2
Rf5 35. g4 Rb5 36. Kg2 Rxb2 37. Qf2 Rb3 38. Qd4 Qxd4 39. Rxd4 b5 40. Rxf4 Rxa3
41. Rb1 Rb8 42. Rfb4 Re8 43. Rxb5 Ree3 44. Rf5 Reb3 45. Rxb3 Rxb3 46. Rxf7 a3
47. Ra7 Rb2+ 48. Kg3 Rb3 49. Kf4 Rb2 50. Rxa3 Rxh2 51. Ra8+ Kg7 52. Ra7+ Kf8 53.
Be4 h6 54. Bf5 Rb2 55. Ke5 Rb6 56. Be6 Rb2 57. Kf6 Rf2+ 58. Bf5 Ke8 1-0

[Event "Mondiale Lampo FIDE 2019"]
[Site "Mosca"]
[Date "30.12.2019"]
[Round "17.23"]
[White "Gareyev, Timur"]
[Black "Mamedyarov, Shakhriyar"]
[Result "0-1"]
[WhiteTitle "GM"]
[BlackTitle "GM"]
[WhiteElo "2598"]
[BlackElo "2772"]
[WhiteFideId "14200937"]
[BlackFideId "13401319"]
[EventDate "2019.12.29"]

1. d4 Nf6 2. c4 b6 3. Nc3 Bb7 4. Nf3 g6 5. d5 Bg7 6. e4 O-O 7. Bd3 e6 8. O-O d6
9. Bc2 Nbd7 10. Rb1 Re8 11. h3 a5 12. Nd4 exd5 13. exd5 Nc5 14. Be3 Nh5 15. Ncb5
Ba6 16. Nf5 Bxb5 17. Nxg7 Nxg7 18. cxb5 Qh4 19. Qd2 Nh5 20. b4 Ne4 21. Bxe4 Qxe4
22. Rfc1 Nf6 23. Bg5 Qxd5 24. Qf4 Nh5 25. Qg4 axb4 26. Rxc7 Rxa2 27. Qd7 Qe6 28.
Qc6 b3 29. Qc3 Qf5 30. Qe1 0-1

[Event "Mondiale Lampo FIDE 2019"]
[Site "Mosca"]
[Date "30.12.2019"]
[Round "17.24"]
[White "Gelfand, Boris"]
[Black "Christiansen, Johan-Sebastian"]
[Result "1-0"]
[WhiteTitle "GM"]
[BlackTitle "GM"]
[WhiteElo "2684"]
[BlackElo "2597"]
[WhiteFideId "2805677"]
[BlackFideId "1512668"]
[EventDate "2019.12.29"]

1. Nf3 c5 2. c4 Nc6 3. d4 cxd4 4. Nxd4 e5 5. Nb5 a6 6. Nd6+ Bxd6 7. Qxd6 Qf6 8.
Qd2 Nge7 9. Nc3 O-O 10. g3 b5 11. c5 Bb7 12. Bg2 Rad8 13. Ne4 Qg6 14. Nd6 Ba8
15. O-O Nd4 16. Bxa8 Rxa8 17. b4 Nc2 18. Rb1 Ne3 19. Qxe3 Qxb1 20. Qxe5 Nc6 21.
Qg5 Qxb4 22. Nf5 Qc3 23. Bf4 Qf6 24. Qxf6 gxf6 25. Rd1 Rfd8 26. Rd6 b4 27. Rxf6
a5 28. Nh6+ Kh8 29. Rxf7 Rf8 30. Rxd7 a4 31. Rb7 Ra7 32. Rxa7 Nxa7 33. Be5+ 1-0

[Event "Mondiale Lampo FIDE 2019"]
[Site "Mosca"]
[Date "30.12.2019"]
[Round "17.25"]
[White "Le, Quang Liem"]
[Black "Abdusattorov, Nodirbek"]
[Result "0-1"]
[WhiteTitle "GM"]
[BlackTitle "GM"]
[WhiteElo "2713"]
[BlackElo "2635"]
[WhiteFideId "12401137"]
[BlackFideId "14204118"]
[EventDate "2019.12.29"]

1. e4 c5 2. Nc3 d6 3. Nge2 Nf6 4. g3 Nc6 5. Bg2 g6 6. d4 cxd4 7. Nxd4 Nxd4 8.
Qxd4 Bg7 9. O-O O-O 10. Qb4 a5 11. Qb5 Be6 12. Nd5 Nxd5 13. exd5 Bd7 14. Qxb7 a4
15. Qb4 a3 16. Rb1 Qc7 17. Qd2 Rfb8 18. b4 Bf5 19. Rb3 Qxc2 20. Re1 Rc8 21. Qxc2
Rxc2 22. Bxa3 Rxa2 23. Bc1 Ra1 24. Bf1 Bh6 25. Rc3 Rb8 26. b5 Bd7 27. Rc7 Bxb5
28. Bxb5 Rxc1 29. Rexc1 Bxc1 30. Bd3 Bg5 31. Kg2 Bf6 32. h4 Rb3 33. Be4 Rb4 34.
Kf3 h5 35. Rc2 Kg7 36. Ra2 Bd4 37. Re2 Kf6 38. Kg2 Bc5 39. Bf3 e5 40. dxe6 fxe6
41. Rc2 Ra4 42. Bc6 Ra3 43. Bf3 Bd4 44. Rd2 Be5 45. Be4 d5 46. Rd3 Ra2 47. Rf3+
Kg7 48. Bb1 Rb2 49. Bd3 Bd4 50. Ba6 e5 51. Kf1 e4 52. Ra3 Rxf2+ 53. Ke1 Rb2 54.
Kd1 Be5 55. Ra5 Bxg3 56. Rxd5 Bxh4 57. Rd4 Rb6 58. Be2 Re6 59. Bc4 Re5 60. Ke2
Bg5 61. Rd5 Rxd5 62. Bxd5 e3 63. Be4 Bf4 64. Kf3 g5 65. Bf5 Kf6 66. Bd3 Ke5 67.
Bg6 g4+ 68. Ke2 h4 69. Bh5 Kf5 70. Be8 h3 71. Bd7+ Kg5 72. Bc6 g3 73. Kf1 g2+
74. Bxg2 hxg2+ 0-1

[Event "Mondiale Lampo FIDE 2019"]
[Site "Mosca"]
[Date "30.12.2019"]
[Round "17.26"]
[White "Salgado Lopez, Ivan"]
[Black "Andriasian, Zaven"]
[Result "1/2-1/2"]
[WhiteTitle "GM"]
[BlackTitle "GM"]
[WhiteElo "2605"]
[BlackElo "2611"]
[WhiteFideId "2257327"]
[BlackFideId "13302000"]
[EventDate "2019.12.29"]

1. d4 Nf6 2. Nf3 g6 3. Bg5 Bg7 4. Nbd2 d6 5. c3 O-O 6. h3 Nc6 7. e3 e5 8. Be2
Qe7 9. O-O Re8 10. Bh4 h6 11. Re1 Bf5 12. a4 e4 13. Nh2 g5 14. Bg3 Bg6 15. Nhf1
h5 16. b4 h4 17. Bh2 Qd7 18. b5 Ne7 19. a5 Bf5 20. c4 Ng6 21. Ra3 g4 22. hxg4
Nxg4 23. f4 exf3 24. Bxf3 Rab8 25. a6 bxa6 26. Rxa6 Re7 27. Rxa7 Qe6 28. Bd5 Qf6
29. Qf3 Rbe8 30. Bc6 Rf8 31. Kh1 Qg5 32. Raa1 Bc8 33. Bg1 f5 34. Bd5+ Kh8 35.
Ra8 Ree8 36. Raa1 Ne7 37. Ba8 Be6 38. Bb7 Bf7 39. Bh2 Bh5 40. Bf4 Qf6 41. Kg1
Ng6 42. Bc6 Re7 43. Ra7 Nxf4 44. Qxf4 Bh6 45. Qf3 Qg5 46. b6 Nxe3 47. Rxe3 Bxf3
48. Nxf3 Qg7 49. Rxe7 Qxe7 50. b7 Rb8 51. Ra8 Qd8 52. Nxh4 Bg5 53. Nxf5 Kh7 54.
d5 Bf6 55. N1e3 Be5 56. g3 Kg6 57. Kg2 Kg5 58. Kf3 Qf8 59. Ke4 Qh8 60. Kd3 Bb2
61. Ke2 Be5 62. Kd3 Bb2 63. Ke2 Be5 64. Kd3 Bb2 65. Ke4 Bc1 66. Kd3 Bb2 67. Kc2
Be5 68. Kd3 1/2-1/2

[Event "Mondiale Lampo FIDE 2019"]
[Site "Mosca"]
[Date "30.12.2019"]
[Round "17.27"]
[White "Korobov, Anton"]
[Black "Perunovic, Milos"]
[Result "1-0"]
[WhiteTitle "GM"]
[BlackTitle "GM"]
[WhiteElo "2668"]
[BlackElo "2589"]
[WhiteFideId "14105730"]
[BlackFideId "921629"]
[EventDate "2019.12.29"]

1. d4 Nf6 2. c4 c5 3. d5 b5 4. cxb5 a6 5. bxa6 g6 6. Nc3 Bxa6 7. Nf3 Bg7 8. e4
Bxf1 9. Kxf1 d6 10. g3 O-O 11. Kg2 Na6 12. Re1 Nd7 13. Bf4 Qb6 14. Qd2 Rfb8 15.
b3 Qa5 16. Rac1 Nb4 17. Na4 Qa6 18. Re3 Qb7 19. a3 Na6 20. Nb2 Nc7 21. Nc4 Nb6
22. Na5 Qa6 23. Nc6 Re8 24. a4 f5 25. a5 fxe4 26. axb6 exf3+ 27. Kxf3 Qxb6 28.
Nxe7+ Kh8 29. Rce1 Rf8 30. Kg2 Nb5 31. Re6 Nd4 32. Rxd6 Qxb3 33. Qe3 Qxe3 34.
Rxe3 c4 35. Rd7 Ra2 36. h4 c3 37. Rxc3 Ne2 38. Rf3 Nd4 39. Re3 Ne2 1-0

[Event "Mondiale Lampo FIDE 2019"]
[Site "Mosca"]
[Date "30.12.2019"]
[Round "17.28"]
[White "Ponkratov, Pavel"]
[Black "Timofeev, Artyom"]
[Result "1/2-1/2"]
[WhiteTitle "GM"]
[BlackTitle "GM"]
[WhiteElo "2632"]
[BlackElo "2588"]
[WhiteFideId "4157800"]
[BlackFideId "4140419"]
[EventDate "2019.12.29"]

1. c4 e6 2. g3 d5 3. Bg2 g6 4. cxd5 exd5 5. Nf3 Bg7 6. d4 Nc6 7. O-O Nge7 8. Nc3
Bg4 9. e3 O-O 10. h3 Bf5 11. b3 Nb4 12. Ba3 a5 13. Qd2 Re8 14. Rac1 c6 15. Bxb4
axb4 16. Na4 Qd6 17. Ne5 Bxe5 18. dxe5 Qxe5 19. Qxb4 Bd3 20. Rfe1 Bb5 21. Nc3
Ba6 22. Qc5 Nf5 23. Kh2 Nd6 24. f4 Qe6 25. Rcd1 Ne4 26. Bxe4 dxe4 27. Rd6 Qe7
28. Qd4 Bd3 29. Rd7 Qe6 30. Rxb7 Red8 31. Qc5 h5 32. Qe5 Qxe5 33. fxe5 Re8 34.
g4 Rxe5 35. Kg3 hxg4 36. hxg4 Rc5 37. Rc1 Kg7 38. a4 g5 39. Ne2 Rxc1 40. Nxc1 c5
41. Nxd3 exd3 42. Rd7 c4 43. bxc4 Rxa4 44. Rd4 d2 45. Rxd2 1/2-1/2

[Event "Mondiale Lampo FIDE 2019"]
[Site "Mosca"]
[Date "30.12.2019"]
[Round "17.29"]
[White "Safarli, Eltaj"]
[Black "Tari, Aryan"]
[Result "1-0"]
[WhiteTitle "GM"]
[BlackTitle "GM"]
[WhiteElo "2601"]
[BlackElo "2634"]
[WhiteFideId "13402129"]
[BlackFideId "1510045"]
[EventDate "2019.12.29"]

1. e4 e5 2. Nf3 Nc6 3. Bb5 a6 4. Ba4 Nf6 5. Nc3 b5 6. Bb3 Bc5 7. a4 b4 8. Nd5 h6
9. d3 Rb8 10. O-O d6 11. Be3 O-O 12. h3 Be6 13. a5 Bxe3 14. fxe3 Nd7 15. d4 Na7
16. Qe1 c5 17. dxe5 Nxe5 18. Nxe5 dxe5 19. Qg3 Qg5 20. Qxg5 hxg5 21. Ne7+ Kh7
22. Nd5 Rfc8 23. Bc4 Nb5 24. Rfd1 Rd8 25. Kh2 g6 26. g4 Kg7 27. Rd3 Nd6 28. Bxa6
c4 29. Rdd1 Bxd5 30. Rxd5 Ra8 31. Bb5 Nxb5 32. Rxb5 Rd2+ 33. Kg3 Rxc2 34. Rxb4
Rd8 35. a6 Rdd2 36. Rg1 Rxb2 37. Rxb2 Rxb2 38. Ra1 Rb8 39. a7 Ra8 40. Kf2 Kf8
41. Ke2 Ke7 42. Kd2 Kd6 43. Kc3 Kc5 44. Ra2 Kb5 45. Rb2+ Kc6 46. Ra2 Kb5 47. Ra1
Kc5 48. Ra4 Kb5 49. Rb4+ Ka6 50. Rxc4 Kb7 51. Rb4+ Kc7 52. Ra4 Kb7 53. Kb4 Kb6
54. Ra5 f6 55. Ra1 Kb7 56. Kb5 Kc7 57. Ka6 Re8 58. Rc1+ Kd6 59. Kb7 Re7+ 60. Kb8
Re8+ 61. Rc8 1-0

[Event "Mondiale Lampo FIDE 2019"]
[Site "Mosca"]
[Date "30.12.2019"]
[Round "17.30"]
[White "Sakaev, Konstantin"]
[Black "Amin, Bassem"]
[Result "1-0"]
[WhiteTitle "GM"]
[BlackTitle "GM"]
[WhiteElo "2596"]
[BlackElo "2683"]
[WhiteFideId "4104226"]
[BlackFideId "10601457"]
[EventDate "2019.12.29"]

1. d4 f5 2. c4 Nf6 3. Nf3 e6 4. g3 Be7 5. Bg2 O-O 6. O-O d6 7. Nc3 Qe8 8. b4 Nc6
9. b5 Nd8 10. a4 Qh5 11. Ba3 Nf7 12. Qc2 Re8 13. Rad1 e5 14. dxe5 dxe5 15. Bxe7
Rxe7 16. Nd5 Nxd5 17. Rxd5 Be6 18. Rd2 e4 19. Nd4 Ne5 20. Nxe6 Rxe6 21. Rfd1
Rae8 22. Rd8 h6 23. Rxe8+ Rxe8 24. h3 Qg6 25. c5 h5 26. Qb3+ Kh7 27. Qe3 Qf6 28.
Rd5 Ng6 29. Qd4 Qxd4 30. Rxd4 Ne5 31. f4 Ng6 32. Kf2 h4 33. e3 hxg3+ 34. Kxg3
Kg8 35. h4 Kf7 36. Bh3 Ne7 37. Rd7 Rc8 38. Bxf5 Kf6 39. Bg4 Rf8 1-0

[Event "Mondiale Lampo FIDE 2019"]
[Site "Mosca"]
[Date "30.12.2019"]
[Round "17.31"]
[White "Sargissian, Gabriel"]
[Black "Bluebaum, Matthias"]
[Result "1-0"]
[WhiteTitle "GM"]
[BlackTitle "GM"]
[WhiteElo "2689"]
[BlackElo "2644"]
[WhiteFideId "13300881"]
[BlackFideId "24651516"]
[EventDate "2019.12.29"]

1. d4 Nf6 2. c4 e6 3. Nf3 d5 4. Nc3 Bb4 5. Bg5 h6 6. Bh4 dxc4 7. e3 b5 8. a4 c6
9. Be2 Nbd7 10. O-O Qb6 11. Qc2 Bb7 12. Ne5 Nxe5 13. dxe5 Nd7 14. Bg3 Nc5 15.
Rad1 O-O 16. Ne4 Nxe4 17. Qxe4 Rad8 18. Bh4 Rd5 19. Qg4 Kh8 20. Qf4 Kh7 21. Bf3
Qc7 22. Be4+ g6 23. Bf6 Be7 24. Bxd5 exd5 25. h4 Bc8 26. axb5 Bxf6 27. Qxf6 Be6
28. bxc6 Qxc6 29. h5 gxh5 30. f4 Qb6 31. f5 Qxe3+ 32. Rf2 Bc8 33. e6 Qg5 34.
Qxg5 hxg5 35. e7 Re8 36. f6 Be6 37. Ra1 Kg6 38. Rxa7 Bf5 39. Ra6 d4 40. Rd6 c3
41. bxc3 dxc3 42. Rd8 c2 43. Rxc2 Bxc2 44. Rxe8 Kxf6 45. Rc8 1-0

[Event "Mondiale Lampo FIDE 2019"]
[Site "Mosca"]
[Date "30.12.2019"]
[Round "17.32"]
[White "Jakovenko, Dmitry"]
[Black "Bartel, Mateusz"]
[Result "1/2-1/2"]
[WhiteTitle "GM"]
[BlackTitle "GM"]
[WhiteElo "2698"]
[BlackElo "2634"]
[WhiteFideId "4122356"]
[BlackFideId "1112635"]
[EventDate "2019.12.29"]

1. e4 e6 2. d4 d5 3. Nc3 Nf6 4. e5 Nfd7 5. f4 c5 6. Nf3 Nc6 7. Be3 cxd4 8. Nxd4
Bc5 9. Qd2 O-O 10. O-O-O a6 11. Nb3 Bb4 12. Bd3 b5 13. h4 Bb7 14. h5 Rc8 15. Rh3
f5 16. g4 Ne7 17. gxf5 Nxf5 18. Bxf5 Rxf5 19. Nd4 Bxc3 20. bxc3 Qf8 21. Nxf5
Qxf5 22. Rg3 Qxh5 23. Rdg1 g6 24. Rg5 Qf3 25. R1g3 Qe4 26. Kb2 a5 27. Qd3 b4 28.
Qxe4 bxc3+ 29. Ka3 dxe4 30. Bd4 Rc4 31. Bxc3 Bd5 32. Kb2 Ra4 33. a3 Nb6 34. f5
Nc4+ 35. Kb1 exf5 36. Rxf5 Rxa3 37. Rf6 e3 38. Be1 Nd2+ 39. Kb2 Ra2+ 40. Kc3
Ne4+ 41. Kd4 Nxf6 42. exf6 Be6 43. Rxe3 Kf7 44. Rf3 Rxc2 45. Bxa5 Bf5 46. Rc3
Ra2 47. Rc7+ Kxf6 48. Bc3 h5 49. Ke3+ Kg5 50. Bd2 Kg4 51. Rc4+ Kg3 52. Be1+ Kg2
53. Kf4 Ra3 54. Bh4 Rf3+ 55. Kg5 Rb3 56. Ra4 Rb5 57. Kf4 Kh3 58. Be7 Rb3 59. Ra3
Rxa3 60. Bxa3 h4 61. Be7 Bg4 1/2-1/2